MARC

LEADER 00000nam0a2200000 4500
001 7743
005 20231030181317.0
010 |a 571071612X 
035 |a (RuTPU)RU\TPU\book\7788 
035 |a BOOK00007847 
090 |a 7743 
100 |a 20011209d1998 km y0rusy50 ca 
101 0 |a rus 
102 |a RU 
105 |a y fg 000zy 
200 1 |a Россия  |e Энциклопедический справочник  |f под ред. А. П. Горкина, А. Д. Зайцева, В. М. Карева 
210 |a Москва  |c Дрофа  |d 1998 
215 |a 592 с. 
610 1 |a Россия 
610 1 |a политика 
610 1 |a экономика 
610 1 |a география 
610 1 |a история 
610 1 |a искусство 
610 1 |a образование 
610 1 |a наука 
610 1 |a энциклопедические словари 
686 |a Я9  |v LBC/SL-A  |2 rubbk 
686 |a У9(2Р)  |v LBC/SL-A  |2 rubbk 
686 |a Ф2(2Р)  |v LBC/SL-A  |2 rubbk 
702 1 |a Горкин  |b А. П.  |4 340 
702 1 |a Зайцев  |b А. Д.  |4 340 
702 1 |a Карев  |b В. М.  |4 340 
801 0 |a RU  |b 63413507  |c 20011209  |g PSBO 
801 2 |a RU  |b 63413507  |c 20120713  |g PSBO 
942 |c BK